Govt. of
Madhya Pradesh

Labour Problems In indian Industry (Record no. 34889)

MARC details
000 -LEADER
fixed length control field 004530000a22001810004500
003 - CONTROL NUMBER IDENTIFIER
control field MACL
005 - DATE AND TIME OF LATEST TRANSACTION
control field 20151231121308.0
008 - FIXED-LENGTH DATA ELEMENTS--GENERAL INFORMATION
fixed length control field 151231b xxu||||| |||| 00| 0 eng d
040 ## - CATALOGING SOURCE
Original cataloging agency MACL
Transcribing agency MACL
041 ## - LANGUAGE CODE
Language code of text/sound track or separate title English
082 ## - DEWEY DECIMAL CLASSIFICATION NUMBER
Classification number 331/GIR
100 ## - MAIN ENTRY--PERSONAL NAME
Personal name Giri,V V
9 (RLIN) 25481
245 ## - TITLE STATEMENT
Title Labour Problems In indian Industry
260 ## - PUBLICATION, DISTRIBUTION, ETC. (IMPRINT)
Name of publisher, distributor, etc. Asian Publishers
Date of publication, distribution, etc. 1958
Place of publication, distribution, etc. Calcutta
350 ## - PRICE (NR) (BK AM CF MU VM SE) [OBSOLETE]
Price 18
650 ## - SUBJECT ADDED ENTRY--TOPICAL TERM
Topical term or geographic name as entry element Labour & Social
9 (RLIN) 25482
942 ## - ADDED ENTRY ELEMENTS (KOHA)
Koha item type Books
Call number prefix 331/Giri
Source of classification or shelving scheme
Holdings
Withdrawn status Lost status Source of classification or shelving scheme Damaged status Not for loan Home library Current library Date acquired Cost, normal purchase price Total Checkouts Full call number Barcode Date last seen Uniform Resource Identifier Price effective from Koha item type
          MACL MACL 15/04/2015 18.00   331/GIRI CLE008100 29/04/2015 35094 15/04/2015 Books